00306cam a22001097a 4500008004000000082001500040100001700055245003400072260003600106300001000142650004400152180718b1979 xxu||||| |||| 00| 0 eng d aF5x54 M698 aMitra, Ashok aHoodlum yearscby Ashok Mitra aNew DelhibOrient Longmanc1979 a186p. aIndia --Politics and government --1947-